| 000 | 00363nam a2200145Ia 4500 | ||
|---|---|---|---|
| 008 | 191201s2009 xx 000 0 und d | ||
| 082 |
_a658.32 _bHEC |
||
| 100 | _aHENDERSON,Richard | ||
| 245 | 0 | _aCompensation Management in a Knowledge based World | |
| 250 | _a4th IMP | ||
| 260 |
_aN. Delhi _bPearson _c2009 |
||
| 300 | _a550 | ||
| 650 | _aBBA | ||
| 942 |
_2ddc _cBK |
||
| 999 |
_c4443 _d4443 |
||